000 00317nam a2200133 i 4500
001 bg
100 1 _aKOWALSKI, Jerzy
245 0 _aPodstawy obróbki plastycznej /
_cJerzy Kowalski.
260 _aZielona Góra,
_c1975.
040 _cBPK
041 _apol
942 _cKS
008 s pl f |000 0 pol
999 _c16044
_d16044
856 _uhttp://koha.tu.koszalin.pl/cgi-bin/koha/opac-detail.pl?biblionumber=16044
_yKatalog online BPK